[Event "MSR_ch20"]
[Site "?"]
[Date "2024.04.09"]
[Round "6.9"]
[White "Sevcik, Matej"]
[Black "Jurky, Marian"]
[Result "1-0"]
[BlackElo "1874"]
[WhiteElo "2087"]
[LiveChessVersion "1.4.8"]

1. Nf3 {[%clk 1:30:55]} e6 {[%clk 1:30:08]} 2. g3 {[%clk 1:30:55]} b6
{[%clk 1:30:05]} 3. Bg2 {[%clk 1:30:25]} Bb7 {[%clk 1:30:28]} 4. O-O
{[%clk 1:29:49]} Nf6 {[%clk 1:30:21]} 5. d4 {[%clk 1:20:21]} Be7 {[%clk 1:28:04]}
6. c4 {[%clk 1:20:31]} O-O {[%clk 1:26:29]} 7. d5 {[%clk 1:13:21]} exd5
{[%clk 1:19:55]} 8. Nh4 {[%clk 1:13:28]} c6 {[%clk 1:11:17]} 9. cxd5
{[%clk 1:13:39]} Nxd5 {[%clk 1:07:57]} 10. Nf5 {[%clk 1:14:02]} Nf6
{[%clk 1:07:20]} 11. e4 {[%clk 1:12:27]} d5 {[%clk 1:00:45]} 12. Nc3
{[%clk 1:01:19]} dxe4 {[%clk 0:52:54]} 13. Nxe4 {[%clk 1:00:28]} Nxe4
{[%clk 0:32:42]} 14. Bxe4 {[%clk 0:56:55]} Bc5 {[%clk 0:24:03]} 15. Qg4
{[%clk 0:51:56]} g6 {[%clk 0:16:46]} 16. b4 {[%clk 0:31:31]} Bxb4
{[%clk 0:15:13]} 17. Bb2 {[%clk 0:30:37]} f6 {[%clk 0:13:03]} 18. Bc2
{[%clk 0:21:56]} Kh8 {[%clk 0:06:37]} 19. Nh4 {[%clk 0:19:03]} g5
{[%clk 0:02:14]} 20. Qxg5 {[%clk 0:12:27]} Qe7 {[%clk 0:02:02]} 21. Nf5
{[%clk 0:06:32]} Qf7 {[%clk 0:02:17]} 22. Qh4 {[%clk 0:06:15]} Bc5
{[%clk 0:02:00]} 23. Nd6 {[%clk 0:05:16]} Bxd6 {[%clk 0:02:15]} 24. Bxf6+
{[%clk 0:05:36]} Kg8 {[%clk 0:02:38]} 25. Qg5+ {[%clk 0:05:53]} 1-0

[Event "MSR_ch20"]
[Site "?"]
[Date "2024.04.09"]
[Round "6.10"]
[White "Libich, Simon"]
[Black "Lovcican, Tomas"]
[Result "1-0"]
[BlackElo "2057"]
[WhiteElo "1891"]
[LiveChessVersion "1.4.8"]

1. d4 {[%clk 1:30:56]} Nf6 {[%clk 1:30:34]} 2. c4 {[%clk 1:31:07]} g6
{[%clk 1:29:25]} 3. Nc3 {[%clk 1:30:10]} d5 {[%clk 1:29:51]} 4. e3
{[%clk 1:27:05]} Bg7 {[%clk 1:28:59]} 5. cxd5 {[%clk 1:21:11]} Nxd5
{[%clk 1:29:24]} 6. Bc4 {[%clk 1:16:51]} Nxc3 {[%clk 1:24:05]} 7. bxc3
{[%clk 1:14:53]} O-O {[%clk 1:23:58]} 8. Nf3 {[%clk 1:14:34]} c5 {[%clk 1:22:32]}
9. O-O {[%clk 1:11:07]} Qc7 {[%clk 1:21:28]} 10. Qb3 {[%clk 1:09:49]} Nc6
{[%clk 1:19:38]} 11. Be2 {[%clk 0:57:27]} a6 {[%clk 1:10:55]} 12. Ba3
{[%clk 0:48:58]} b6 {[%clk 0:54:23]} 13. Rfd1 {[%clk 0:39:08]} Na5
{[%clk 0:51:06]} 14. Qb2 {[%clk 0:38:16]} Bf5 {[%clk 0:46:54]} 15. Rac1
{[%clk 0:37:44]} c4 {[%clk 0:42:19]} 16. Nd2 {[%clk 0:36:05]} b5 {[%clk 0:39:59]}
17. Bf3 {[%clk 0:32:35]} Rab8 {[%clk 0:37:18]} 18. Bb4 {[%clk 0:28:51]} Nc6
{[%clk 0:35:17]} 19. Bxc6 {[%clk 0:25:36]} Qxc6 {[%clk 0:35:37]} 20. Bxe7
{[%clk 0:24:56]} Rfe8 {[%clk 0:35:18]} 21. Bh4 {[%clk 0:20:53]} a5
{[%clk 0:34:28]} 22. Bg3 {[%clk 0:20:27]} Rb7 {[%clk 0:34:34]} 23. a3
{[%clk 0:14:38]} h5 {[%clk 0:29:53]} 24. Re1 {[%clk 0:13:07]} g5 {[%clk 0:28:58]}
25. f3 {[%clk 0:12:28]} h4 {[%clk 0:25:25]} 26. Bf2 {[%clk 0:12:51]} h3
{[%clk 0:25:05]} 27. e4 {[%clk 0:11:53]} Bc8 {[%clk 0:25:29]} 28. g4
{[%clk 0:09:34]} Bf8 {[%clk 0:25:02]} 29. Qa2 {[%clk 0:09:37]} Qd6
{[%clk 0:22:50]} 30. a4 {[%clk 0:08:57]} Qf4 {[%clk 0:19:12]} 31. Be3
{[%clk 0:02:16]} Qf6 {[%clk 0:19:00]} 32. axb5 {[%clk 0:02:39]} Rxb5
{[%clk 0:19:01]} 33. Rb1 {[%clk 0:02:27]} Rxb1 {[%clk 0:16:59]} 34. Rxb1
{[%clk 0:02:50]} Bb4 {[%clk 0:16:49]} 35. cxb4 {[%clk 0:02:58]} c3
{[%clk 0:17:14]} 36. Qxa5 {[%clk 0:02:42]} cxd2 {[%clk 0:17:34]} 37. Qxg5+
{[%clk 0:02:54]} Qxg5 {[%clk 0:17:46]} 38. Bxg5 {[%clk 0:03:21]} Bxg4
{[%clk 0:18:10]} 39. fxg4 {[%clk 0:03:27]} Rxe4 {[%clk 0:18:38]} 40. Bxd2
{[%clk 0:02:04]} Rxg4+ {[%clk 0:18:53]} 41. Kh1 {[%clk 0:00:55]} Rxd4
{[%clk 0:19:14]} 42. Bc3 {[%clk 0:01:07]} Rd3 {[%clk 0:19:36]} 43. Be5
{[%clk 0:01:16]} Rd5 {[%clk 0:19:37]} 44. Bf4 {[%clk 0:01:16]} Rd4
{[%clk 0:19:56]} 45. Bg3 {[%clk 0:01:09]} 1-0

[Event "MSR_ch20"]
[Site "?"]
[Date "2024.04.09"]
[Round "6.11"]
[White "Duda, Daniel"]
[Black "Janik, Marek Tobias"]
[Result "0-1"]
[BlackElo "1885"]
[WhiteElo "1654"]
[LiveChessVersion "1.4.8"]

1. b3 {[%clk 1:28:50]} e5 {[%clk 1:30:55]} 2. Bb2 {[%clk 1:29:17]} Nc6
{[%clk 1:31:18]} 3. e3 {[%clk 1:29:43]} Nf6 {[%clk 1:31:43]} 4. Bb5
{[%clk 1:29:54]} Bd6 {[%clk 1:32:08]} 5. Nf3 {[%clk 1:25:13]} e4 {[%clk 1:31:42]}
6. Nd4 {[%clk 1:21:13]} Nxd4 {[%clk 1:29:13]} 7. Bxd4 {[%clk 1:21:29]} a6
{[%clk 1:29:37]} 8. Be2 {[%clk 1:21:29]} O-O {[%clk 1:22:37]} 9. d3
{[%clk 0:58:38]} b6 {[%clk 1:17:31]} 10. dxe4 {[%clk 0:52:09]} Nxe4
{[%clk 1:15:46]} 11. Bf3 {[%clk 0:45:42]} f5 {[%clk 1:09:55]} 12. Bxe4
{[%clk 0:38:28]} fxe4 {[%clk 1:06:55]} 13. Bxb6 {[%clk 0:37:49]} Qf6
{[%clk 1:07:11]} 14. O-O {[%clk 0:34:17]} cxb6 {[%clk 1:03:36]} 15. Qd5+
{[%clk 0:29:34]} Kh8 {[%clk 1:03:59]} 16. Nd2 {[%clk 0:29:33]} Qe5
{[%clk 1:04:20]} 17. Qxe5 {[%clk 0:29:02]} Bxe5 {[%clk 1:04:46]} 18. Rad1
{[%clk 0:29:26]} d5 {[%clk 1:05:12]} 19. c4 {[%clk 0:28:05]} Bb7 {[%clk 1:03:11]}
20. f4 {[%clk 0:22:57]} Bf6 {[%clk 1:02:32]} 21. g4 {[%clk 0:23:10]} d4
{[%clk 1:00:51]} 22. g5 {[%clk 0:22:03]} dxe3 {[%clk 1:01:15]} 23. gxf6
{[%clk 0:22:19]} e2 {[%clk 1:01:36]} 0-1

[Event "MSR_ch20"]
[Site "?"]
[Date "2024.04.09"]
[Round "6.12"]
[White "Vojtas, Marek"]
[Black "Bidulsky, Matej"]
[Result "0-1"]
[BlackElo "2041"]
[WhiteElo "1676"]
[LiveChessVersion "1.4.8"]

1. e4 {[%clk 1:30:59]} e6 {[%clk 1:30:04]} 2. d4 {[%clk 1:31:23]} c5
{[%clk 1:30:05]} 3. Nf3 {[%clk 1:30:56]} cxd4 {[%clk 1:30:19]} 4. Nxd4
{[%clk 1:31:17]} Nf6 {[%clk 1:30:44]} 5. Nc3 {[%clk 1:31:16]} Bb4
{[%clk 1:29:52]} 6. Bd2 {[%clk 1:29:16]} O-O {[%clk 1:29:01]} 7. Bd3
{[%clk 1:25:52]} e5 {[%clk 1:26:24]} 8. Nf5 {[%clk 1:25:42]} d5 {[%clk 1:26:04]}
9. Nxd5 {[%clk 1:20:08]} Bxd2+ {[%clk 1:21:39]} 10. Qxd2 {[%clk 1:20:31]} Nxd5
{[%clk 1:22:05]} 11. exd5 {[%clk 1:20:46]} e4 {[%clk 1:22:32]} 12. Nh6+
{[%clk 1:06:54]} gxh6 {[%clk 1:21:54]} 13. Be2 {[%clk 1:07:20]} Qg5
{[%clk 1:22:05]} 14. O-O-O {[%clk 1:07:10]} Nd7 {[%clk 1:22:16]} 15. h4
{[%clk 1:06:47]} Qxd2+ {[%clk 1:22:35]} 16. Rxd2 {[%clk 1:07:12]} Nb6
{[%clk 1:22:47]} 17. c4 {[%clk 1:03:46]} Bd7 {[%clk 1:23:11]} 18. b3
{[%clk 1:01:58]} f5 {[%clk 1:23:06]} 19. Kb1 {[%clk 1:01:12]} f4 {[%clk 1:23:25]}
20. Bh5 Bf5 {[%clk 1:23:38]} 21. Kb2 {[%clk 0:54:30]} Nd7 {[%clk 1:23:35]} 22.
Rc1 {[%clk 0:50:54]} Nc5 {[%clk 1:23:34]} 23. Rcd1 {[%clk 0:46:07]} Nd3+
{[%clk 1:22:08]} 24. Kc3 {[%clk 0:43:54]} Rac8 {[%clk 1:22:18]} 25. Kd4
{[%clk 0:44:04]} Rfd8 {[%clk 1:22:12]} 26. Rxd3 {[%clk 0:43:34]} exd3
{[%clk 1:22:30]} 27. Ke5 {[%clk 0:43:52]} Bg6 {[%clk 1:22:21]} 28. Bxg6
{[%clk 0:41:59]} hxg6 {[%clk 1:21:58]} 29. Rxd3 {[%clk 0:40:06]} Kf7
{[%clk 1:21:52]} 30. Kxf4 {[%clk 0:33:35]} b5 {[%clk 1:22:13]} 31. Ke5
{[%clk 0:29:23]} bxc4 {[%clk 1:22:20]} 32. Rf3+ {[%clk 0:29:45]} Ke7
{[%clk 1:22:40]} 33. bxc4 {[%clk 0:29:24]} Rxc4 {[%clk 1:23:02]} 34. Rb3
{[%clk 0:28:37]} Rd7 {[%clk 1:23:05]} 35. f4 {[%clk 0:27:43]} Rc5
{[%clk 1:23:25]} 36. Rd3 {[%clk 0:27:19]} Ra5 {[%clk 1:23:21]} 37. a3
{[%clk 0:27:35]} Rd6 {[%clk 1:23:44]} 38. Ke4 {[%clk 0:26:54]} Kf6
{[%clk 1:24:04]} 39. g4 Ra4+ {[%clk 1:24:22]} 40. Kf3 {[%clk 0:20:06]} h5
{[%clk 1:24:44]} 41. Kg3 {[%clk 0:19:45]} Ra5 0-1

[Event "MSR_ch20"]
[Site "?"]
[Date "2024.04.09"]
[Round "6.13"]
[White "Lichvar, Simon"]
[Black "Melih, Mario"]
[Result "1-0"]
[BlackElo "1990"]
[WhiteElo "1302"]
[LiveChessVersion "1.4.8"]

1. d4 {[%clk 1:30:57]} Nf6 {[%clk 1:30:34]} 2. c4 {[%clk 1:31:04]} g6
{[%clk 1:30:24]} 3. Nf3 {[%clk 1:31:00]} Bg7 {[%clk 1:30:24]} 4. g3
{[%clk 1:30:47]} O-O {[%clk 1:30:17]} 5. Bg2 {[%clk 1:30:26]} d6 {[%clk 1:29:35]}
6. O-O {[%clk 1:28:57]} c6 {[%clk 1:26:34]} 7. Nbd2 {[%clk 1:25:22]} Qc7
{[%clk 1:25:51]} 8. Qc2 {[%clk 1:23:20]} a5 {[%clk 1:23:34]} 9. b3
{[%clk 1:20:23]} e5 {[%clk 1:18:09]} 10. Bb2 {[%clk 1:13:54]} Nbd7
{[%clk 1:17:29]} 11. e3 {[%clk 1:12:09]} Nh5 {[%clk 1:07:53]} 12. g4
{[%clk 1:04:59]} Nhf6 {[%clk 1:08:04]} 13. h3 {[%clk 1:05:07]} h6
{[%clk 1:03:01]} 14. Nh4 {[%clk 0:57:05]} Re8 {[%clk 0:59:14]} 15. f4
{[%clk 0:50:03]} exf4 {[%clk 0:59:11]} 16. exf4 {[%clk 0:49:55]} Nf8
{[%clk 0:59:09]} 17. Rae1 {[%clk 0:47:29]} Bd7 {[%clk 0:59:04]} 18. Ne4
{[%clk 0:36:09]} Nxe4 {[%clk 0:43:00]} 19. Bxe4 {[%clk 0:35:54]} Qb6
{[%clk 0:38:06]} 20. Nf3 {[%clk 0:30:36]} Rac8 {[%clk 0:23:30]} 21. Kg2
{[%clk 0:27:41]} d5 {[%clk 0:20:48]} 22. Bd3 {[%clk 0:25:31]} Rxe1
{[%clk 0:18:39]} 23. Rxe1 {[%clk 0:25:44]} Ne6 {[%clk 0:16:06]} 24. Kg3
{[%clk 0:18:40]} Nxd4 {[%clk 0:06:13]} 25. Nxd4 {[%clk 0:18:04]} Bxd4
{[%clk 0:06:11]} 26. Bxg6 {[%clk 0:16:29]} Bf2+ {[%clk 0:02:42]} 27. Qxf2
{[%clk 0:12:37]} Qxf2+ {[%clk 0:03:07]} 28. Kxf2 {[%clk 0:13:01]} fxg6
{[%clk 0:03:18]} 29. Re7 {[%clk 0:13:07]} Be8 {[%clk 0:03:19]} 30. Rxb7
{[%clk 0:12:17]} dxc4 {[%clk 0:03:23]} 31. bxc4 {[%clk 0:12:06]} Bf7
{[%clk 0:03:07]} 32. c5 {[%clk 0:09:52]} h5 {[%clk 0:01:16]} 33. a3
{[%clk 0:08:52]} Ra8 {[%clk 0:01:03]} 34. Kg3 {[%clk 0:08:16]} Kf8
{[%clk 0:00:42]} 35. f5 {[%clk 0:07:50]} hxg4 {[%clk 0:00:39]} 36. hxg4
{[%clk 0:08:13]} gxf5 {[%clk 0:00:45]} 37. gxf5 {[%clk 0:08:24]} a4
{[%clk 0:00:42]} 38. Bc3 {[%clk 0:08:37]} Bb3 {[%clk 0:00:31]} 39. Kf4
{[%clk 0:08:40]} Re8 {[%clk 0:00:31]} 40. Rb6 {[%clk 0:07:38]} Rc8
{[%clk 0:00:32]} 41. f6 {[%clk 0:06:27]} Bc4 {[%clk 0:21:49]} 42. Ke5
{[%clk 0:32:40]} Re8+ {[%clk 0:14:49]} 43. Kd6 {[%clk 0:31:32]} Bb5
{[%clk 0:14:24]} 44. Rb7 {[%clk 0:31:29]} Re3 {[%clk 0:11:22]} 45. Be5
{[%clk 0:28:24]} Rxa3 {[%clk 0:06:54]} 46. Rxb5 {[%clk 0:27:32]} cxb5
{[%clk 0:06:18]} 47. c6 {[%clk 0:27:27]} Ra2 {[%clk 0:02:37]} 48. Ke6
{[%clk 0:26:01]} 1-0

[Event "MSR_ch20"]
[Site "?"]
[Date "2024.04.09"]
[Round "6.14"]
[White "Straka, Simon"]
[Black "Turis, Ondrej"]
[Result "1-0"]
[BlackElo "1866"]
[WhiteElo "2025"]
[LiveChessVersion "1.4.8"]

1. c4 {[%clk 1:30:53]} Nf6 {[%clk 1:30:52]} 2. Nc3 {[%clk 1:31:17]} g6
{[%clk 1:30:35]} 3. d4 {[%clk 1:31:39]} d5 {[%clk 1:30:54]} 4. cxd5
{[%clk 1:31:38]} Nxd5 {[%clk 1:31:16]} 5. Bd2 {[%clk 1:31:51]} Bg7
{[%clk 1:29:46]} 6. e4 {[%clk 1:31:51]} Nxc3 {[%clk 1:30:00]} 7. Bxc3
{[%clk 1:32:14]} O-O {[%clk 1:30:06]} 8. Qd2 {[%clk 1:31:06]} c5 {[%clk 1:28:00]}
9. d5 {[%clk 1:31:10]} Qc7 {[%clk 1:22:31]} 10. Be2 {[%clk 1:25:02]} b6
{[%clk 1:19:18]} 11. f4 {[%clk 1:16:54]} Rd8 {[%clk 1:13:29]} 12. Bxg7
{[%clk 1:09:07]} Kxg7 {[%clk 1:13:51]} 13. Rd1 {[%clk 1:09:23]} Bb7
{[%clk 1:08:04]} 14. Bf3 {[%clk 1:07:31]} Nd7 {[%clk 1:06:25]} 15. Ne2
{[%clk 0:48:41]} b5 {[%clk 0:59:18]} 16. O-O {[%clk 0:30:08]} Nb6
{[%clk 0:52:20]} 17. b3 {[%clk 0:24:07]} a5 {[%clk 0:47:46]} 18. Rc1
{[%clk 0:22:42]} Kg8 {[%clk 0:41:06]} 19. f5 {[%clk 0:16:02]} Nd7
{[%clk 0:21:33]} 20. fxg6 {[%clk 0:15:36]} hxg6 {[%clk 0:21:56]} 21. g3
{[%clk 0:07:43]} Qd6 {[%clk 0:19:51]} 22. Bg2 {[%clk 0:07:27]} Kg7
{[%clk 0:11:24]} 23. Qc3+ {[%clk 0:07:23]} f6 {[%clk 0:10:40]} 24. Nf4
{[%clk 0:07:14]} Rdc8 {[%clk 0:09:55]} 25. Ne6+ {[%clk 0:07:05]} Kg8
{[%clk 0:07:24]} 26. Qe3 {[%clk 0:06:58]} Kh7 {[%clk 0:03:11]} 27. Rf4
{[%clk 0:05:34]} g5 {[%clk 0:03:39]} 28. Qf3 {[%clk 0:05:18]} Kg6
{[%clk 0:02:58]} 29. Bh3 {[%clk 0:03:09]} Rh8 {[%clk 0:03:11]} 30. Rh4
{[%clk 0:00:43]} Rxh4 {[%clk 0:01:57]} 31. Qf5+ {[%clk 0:00:48]} Kh6
{[%clk 0:00:50]} 32. gxh4 {[%clk 0:00:55]} Qe5 {[%clk 0:01:03]} 33. hxg5+
{[%clk 0:00:54]} fxg5 {[%clk 0:01:11]} 34. Qxg5+ {[%clk 0:00:32]} Qxg5+
{[%clk 0:01:35]} 35. Nxg5 {[%clk 0:00:55]} Ne5 {[%clk 0:01:20]} 36. Ne6
{[%clk 0:00:54]} Rg8+ {[%clk 0:01:19]} 37. Kf1 {[%clk 0:00:35]} c4
{[%clk 0:01:22]} 38. Bf5 {[%clk 0:00:32]} Bc8 {[%clk 0:00:53]} 39. Rc3
{[%clk 0:00:36]} Bxe6 {[%clk 0:00:37]} 40. Rh3+ {[%clk 0:00:37]} 1-0

[Event "MSR_ch20"]
[Site "?"]
[Date "2024.04.09"]
[Round "6.15"]
[White "Osvald, Jakub"]
[Black "Rak, Martin"]
[Result "0-1"]
[BlackElo "2221"]
[WhiteElo "1517"]
[LiveChessVersion "1.4.8"]

1. d4 {[%clk 1:29:43]} Nf6 {[%clk 1:30:48]} 2. Bf4 {[%clk 1:30:04]} g6
{[%clk 1:31:14]} 3. Nc3 {[%clk 1:29:44]} Bg7 {[%clk 1:30:44]} 4. e4
{[%clk 1:29:28]} d6 {[%clk 1:30:48]} 5. Qd2 {[%clk 1:29:38]} h6 {[%clk 1:30:33]}
6. Bc4 {[%clk 1:27:12]} Nc6 {[%clk 1:27:42]} 7. f3 {[%clk 1:22:09]} a6
{[%clk 1:25:09]} 8. Bb3 {[%clk 1:22:00]} Nd7 {[%clk 1:18:14]} 9. Nge2
{[%clk 1:09:32]} Na5 {[%clk 1:09:53]} 10. Be3 {[%clk 1:06:35]} b5
{[%clk 1:02:02]} 11. f4 {[%clk 0:59:01]} Nb6 {[%clk 0:55:36]} 12. a4
{[%clk 0:48:29]} Nbc4 {[%clk 0:54:43]} 13. Qc1 {[%clk 0:48:01]} Nxb3
{[%clk 0:51:40]} 14. cxb3 {[%clk 0:47:03]} Nxe3 {[%clk 0:51:41]} 15. Qxe3
{[%clk 0:47:27]} b4 {[%clk 0:51:25]} 16. Nd1 {[%clk 0:46:55]} O-O
{[%clk 0:51:37]} 17. O-O {[%clk 0:46:15]} Bg4 {[%clk 0:48:37]} 18. Rf2
{[%clk 0:46:18]} c5 {[%clk 0:45:33]} 19. d5 {[%clk 0:41:02]} Re8 {[%clk 0:39:08]}
20. h3 {[%clk 0:40:58]} Bxe2 {[%clk 0:38:54]} 21. Qxe2 {[%clk 0:41:17]} Bd4
{[%clk 0:38:57]} 22. Ne3 {[%clk 0:41:31]} e6 {[%clk 0:39:21]} 23. Rf3
{[%clk 0:35:53]} exd5 {[%clk 0:39:25]} 24. exd5 {[%clk 0:35:48]} Ra7
{[%clk 0:39:29]} 25. Re1 {[%clk 0:32:54]} Rae7 {[%clk 0:31:10]} 26. Qd2
{[%clk 0:29:11]} Re4 {[%clk 0:27:29]} 27. Re2 {[%clk 0:26:11]} Qe7
{[%clk 0:26:31]} 28. Kf2 f5 {[%clk 0:24:30]} 29. Qd3 {[%clk 0:17:18]} Kh8
{[%clk 0:19:24]} 30. Re1 {[%clk 0:13:03]} Qh4+ {[%clk 0:18:23]} 31. Kf1
{[%clk 0:11:31]} Qxe1+ {[%clk 0:19:02]} 32. Kxe1 Rxe3+ {[%clk 0:19:29]} 33. Rxe3
{[%clk 0:11:38]} Rxe3+ {[%clk 0:19:55]} 34. Qxe3 {[%clk 0:11:49]} Bxe3 0-1

[Event "MSR_ch20"]
[Site "?"]
[Date "2024.04.09"]
[Round "6.16"]
[White "Filo, David"]
[Black "Bucor, Mark"]
[Result "0-1"]
[BlackElo "1884"]
[WhiteElo "1837"]
[LiveChessVersion "1.4.8"]

1. d4 {[%clk 1:30:54]} Nf6 {[%clk 1:30:47]} 2. c4 {[%clk 1:31:13]} g6
{[%clk 1:30:04]} 3. Nc3 {[%clk 1:31:04]} d5 {[%clk 1:30:25]} 4. cxd5
{[%clk 1:30:46]} Nxd5 {[%clk 1:30:42]} 5. e4 {[%clk 1:31:07]} Nxc3
{[%clk 1:31:04]} 6. bxc3 {[%clk 1:31:32]} Bg7 {[%clk 1:31:18]} 7. Nf3
{[%clk 1:31:52]} O-O {[%clk 1:28:55]} 8. Be2 {[%clk 1:31:50]} c5 {[%clk 1:25:43]}
9. Rb1 {[%clk 1:31:42]} Nc6 {[%clk 1:21:07]} 10. Be3 {[%clk 1:27:18]} Qc7
{[%clk 1:13:24]} 11. O-O {[%clk 1:13:48]} Bg4 {[%clk 1:08:22]} 12. d5
{[%clk 1:03:01]} Bxf3 {[%clk 1:08:33]} 13. Bxf3 {[%clk 1:03:19]} Ne5
{[%clk 1:06:26]} 14. Be2 {[%clk 0:59:14]} Nd7 {[%clk 0:48:38]} 15. c4
{[%clk 0:48:18]} f5 {[%clk 0:47:53]} 16. exf5 {[%clk 0:32:57]} gxf5
{[%clk 0:48:08]} 17. f4 {[%clk 0:32:24]} b6 {[%clk 0:47:49]} 18. Bd3
{[%clk 0:27:00]} Rf7 {[%clk 0:41:27]} 19. Qc2 {[%clk 0:25:31]} Raf8
{[%clk 0:41:46]} 20. Rbe1 {[%clk 0:24:01]} Kh8 {[%clk 0:34:47]} 21. Bd2
{[%clk 0:17:04]} Qc8 {[%clk 0:22:44]} 22. Bc3 {[%clk 0:14:38]} Bxc3
{[%clk 0:22:28]} 23. Qxc3+ {[%clk 0:15:02]} Nf6 {[%clk 0:22:54]} 24. Qe5
{[%clk 0:14:02]} Rg7 {[%clk 0:18:09]} 25. Bxf5 {[%clk 0:10:48]} Qa6
{[%clk 0:17:52]} 26. Bd3 {[%clk 0:06:58]} Qxa2 {[%clk 0:16:24]} 27. Rf2
{[%clk 0:05:41]} Qb3 {[%clk 0:15:38]} 28. Be2 {[%clk 0:02:55]} Rfg8
{[%clk 0:11:55]} 29. g3 {[%clk 0:01:32]} Rxg3+ {[%clk 0:10:44]} 30. hxg3
{[%clk 0:00:43]} Qxg3+ {[%clk 0:11:05]} 0-1

[Event "MSR_ch20"]
[Site "?"]
[Date "2024.04.09"]
[Round "6.17"]
[White "Babjak, Samuel"]
[Black "Loffay, Pavol"]
[Result "1-0"]
[BlackElo "1803"]
[WhiteElo "1870"]
[LiveChessVersion "1.4.8"]

1. d4 {[%clk 1:30:57]} f5 {[%clk 1:30:54]} 2. Bg5 {[%clk 1:31:21]} g6
{[%clk 1:31:16]} 3. Nc3 {[%clk 1:31:44]} Nf6 {[%clk 1:31:37]} 4. Bxf6
{[%clk 1:31:31]} exf6 {[%clk 1:31:58]} 5. e3 {[%clk 1:31:28]} Bb4
{[%clk 1:31:59]} 6. Bd3 {[%clk 1:30:34]} d6 {[%clk 1:30:20]} 7. Qf3
{[%clk 1:28:32]} Nc6 {[%clk 1:28:18]} 8. Nge2 {[%clk 1:26:00]} Be6
{[%clk 1:18:40]} 9. Bb5 {[%clk 1:23:33]} d5 {[%clk 1:18:00]} 10. h4
{[%clk 1:20:12]} Qd6 {[%clk 1:16:22]} 11. Nf4 {[%clk 1:16:59]} O-O-O
{[%clk 1:13:42]} 12. a3 {[%clk 1:14:29]} Ba5 {[%clk 1:10:06]} 13. Nd3
{[%clk 1:07:18]} g5 {[%clk 1:06:26]} 14. Nc5 {[%clk 1:01:59]} Nb8
{[%clk 1:00:40]} 15. hxg5 {[%clk 0:54:35]} c6 {[%clk 0:52:10]} 16. Bd3
{[%clk 0:53:49]} Bxc3+ {[%clk 0:47:05]} 17. bxc3 {[%clk 0:54:09]} Nd7
{[%clk 0:47:12]} 18. Nxe6 {[%clk 0:51:06]} Qxe6 {[%clk 0:47:25]} 19. Bxf5
{[%clk 0:51:02]} Qf7 {[%clk 0:45:43]} 20. gxf6 {[%clk 0:48:33]} h6
{[%clk 0:43:55]} 21. Qf4 {[%clk 0:47:16]} Rdf8 {[%clk 0:41:23]} 22. Rxh6
{[%clk 0:46:18]} Rxh6 {[%clk 0:41:13]} 23. Qxh6 {[%clk 0:46:42]} Qxf6
{[%clk 0:39:03]} 24. Qxf6 {[%clk 0:46:59]} Rxf6 {[%clk 0:39:26]} 25. Bxd7+
{[%clk 0:47:12]} Kxd7 {[%clk 0:39:46]} 26. Ke2 {[%clk 0:47:29]} Rh6
{[%clk 0:39:45]} 27. g4 {[%clk 0:47:18]} Ke6 {[%clk 0:38:37]} 28. Kf3
{[%clk 0:46:04]} Kf6 {[%clk 0:36:10]} 29. Kg3 {[%clk 0:45:57]} Rh7
{[%clk 0:35:01]} 30. Rg1 {[%clk 0:45:09]} b5 {[%clk 0:33:52]} 31. Kg2
{[%clk 0:44:29]} Kg5 {[%clk 0:29:56]} 32. Rh1 {[%clk 0:44:31]} Rb7
{[%clk 0:27:06]} 33. Kg3 {[%clk 0:42:57]} a5 {[%clk 0:27:01]} 34. f4+
{[%clk 0:43:19]} Kg6 {[%clk 0:27:12]} 35. f5+ {[%clk 0:43:11]} Kg7
{[%clk 0:26:31]} 36. g5 {[%clk 0:42:08]} b4 {[%clk 0:26:38]} 37. cxb4
{[%clk 0:42:26]} axb4 {[%clk 0:27:00]} 38. axb4 {[%clk 0:42:51]} Rxb4
{[%clk 0:27:18]} 39. Kf4 {[%clk 0:42:04]} Rb2 {[%clk 0:25:21]} 40. Rh2
{[%clk 0:38:55]} Rb1 {[%clk 0:25:40]} 41. f6+ {[%clk 0:39:04]} Kg8
{[%clk 0:25:12]} 42. g6 {[%clk 0:38:45]} Rf1+ {[%clk 0:25:00]} 43. Ke5
{[%clk 0:39:04]} Rf3 {[%clk 0:24:27]} 44. Re2 {[%clk 0:37:22]} Kf8
{[%clk 0:23:03]} 45. Ke6 {[%clk 0:33:57]} Kg8 {[%clk 0:22:00]} 46. Ke7
{[%clk 0:32:19]} Rf5 {[%clk 0:21:09]} 47. g7 {[%clk 0:29:38]} c5 {[%clk 0:20:43]}
48. Rh2 {[%clk 0:29:42]} 1-0

[Event "MSR_ch20"]
[Site "?"]
[Date "2024.04.09"]
[Round "6.18"]
[White "Oslej, Marek"]
[Black "Volanek, Maros"]
[Result "1-0"]
[BlackElo "1822"]
[WhiteElo "1806"]
[LiveChessVersion "1.4.8"]

1. e4 {[%clk 1:30:58]} e6 {[%clk 1:30:49]} 2. d4 {[%clk 1:31:22]} d5
{[%clk 1:31:10]} 3. Nc3 {[%clk 1:31:49]} Bb4 {[%clk 1:31:16]} 4. e5
{[%clk 1:32:17]} c5 {[%clk 1:30:56]} 5. a3 {[%clk 1:32:34]} cxd4 {[%clk 1:30:19]}
6. axb4 {[%clk 1:31:23]} dxc3 {[%clk 1:30:37]} 7. bxc3 {[%clk 1:29:36]} Qc7
{[%clk 1:30:54]} 8. Qd4 {[%clk 1:29:06]} Nc6 {[%clk 1:31:17]} 9. Bb5
{[%clk 1:29:17]} Nge7 {[%clk 1:31:39]} 10. f4 {[%clk 1:21:49]} Bd7
{[%clk 1:30:14]} 11. Bxc6 {[%clk 1:19:57]} Nxc6 {[%clk 1:29:47]} 12. Qe3
{[%clk 1:19:36]} O-O {[%clk 1:28:49]} 13. Nf3 {[%clk 1:19:19]} a6
{[%clk 1:27:35]} 14. O-O {[%clk 1:17:26]} Na7 {[%clk 1:25:23]} 15. Nd4
{[%clk 1:15:44]} Nb5 {[%clk 1:25:18]} 16. Nxb5 {[%clk 1:14:37]} Bxb5
{[%clk 1:25:38]} 17. Rf3 {[%clk 1:09:49]} Rac8 {[%clk 1:22:00]} 18. Bd2
{[%clk 1:07:33]} Qe7 {[%clk 1:20:07]} 19. Qf2 {[%clk 1:01:04]} Rc4
{[%clk 1:14:45]} 20. Be3 {[%clk 1:00:17]} Rfc8 {[%clk 0:57:27]} 21. Bd4
{[%clk 0:59:18]} Bd7 {[%clk 0:47:30]} 22. Rg3 {[%clk 0:54:14]} R8c6
{[%clk 0:42:12]} 23. Rg4 {[%clk 0:47:40]} Kh8 {[%clk 0:37:01]} 24. Qg3
{[%clk 0:43:37]} Qf8 {[%clk 0:36:53]} 25. Bc5 {[%clk 0:30:18]} R6xc5
{[%clk 0:32:41]} 26. bxc5 {[%clk 0:30:35]} Qxc5+ {[%clk 0:33:04]} 27. Qf2
{[%clk 0:30:06]} Rxc3 {[%clk 0:33:04]} 28. Qxc5 {[%clk 0:30:34]} Rxc5
{[%clk 0:33:24]} 29. Ra2 {[%clk 0:28:51]} a5 {[%clk 0:31:38]} 30. Rg3
{[%clk 0:27:34]} a4 {[%clk 0:31:23]} 31. Kf2 {[%clk 0:27:28]} b5 {[%clk 0:31:18]}
32. Ke2 {[%clk 0:27:00]} Kg8 {[%clk 0:27:05]} 33. Kd2 {[%clk 0:25:09]} Kf8
{[%clk 0:22:30]} 34. Rc3 {[%clk 0:25:15]} Rxc3 {[%clk 0:21:54]} 35. Kxc3
{[%clk 0:25:43]} Ke7 {[%clk 0:22:03]} 36. Kb4 {[%clk 0:25:21]} Kd8
{[%clk 0:21:45]} 37. Ra3 {[%clk 0:24:59]} g6 {[%clk 0:21:33]} 38. g4
{[%clk 0:24:49]} h6 {[%clk 0:20:51]} 39. Rh3 {[%clk 0:24:42]} g5 {[%clk 0:19:50]}
40. Rxh6 {[%clk 0:24:02]} gxf4 {[%clk 0:20:12]} 41. Rf6 {[%clk 0:24:26]} Ke7
{[%clk 0:20:35]} 42. g5 {[%clk 0:21:17]} 1-0